[Event "CRO-ch U11"]
[Site "Trogir"]
[Date "2021.06.21"]
[Round "4"]
[White "Koncar, Klara"]
[Black "Skiljan, Tara"]
[Result "1-0"]
[WhiteElo "1615"]
[BlackElo "1031"]
[PlyCount "35"]
[EventDate "2021.06.19"]
[EventType "swiss"]
[EventRounds "9"]
[EventCountry "CRO"]
[SourceTitle "EXT 2022"]
[Source "ChessBase"]
[SourceDate "2021.10.06"]
[SourceVersion "1"]
[SourceVersionDate "2021.10.06"]
[SourceQuality "1"]

1. e4 e5 2. Nf3 Nc6 3. Bc4 h6 4. Nc3 Nf6 5. d3 Bc5 6. h3 d6 7. 0-0 0-0 8. Re1 Nh7 9. a3 a5 10. Be3 Bxe3 11. Rxe3 Nd4 12. Nh2 Nc6 13. Rg3 Ne7 14. Qh5 Ng5 15. h4 g6 16. Qxh6 Nh7 17. Nf3 Kh8 18. Ng5 1-0

[Event "CRO-ch U11"]
[Site "Trogir"]
[Date "2021.06.19"]
[Round "1"]
[White "Koncar, Klara"]
[Black "Zagorac, Lara"]
[Result "0-1"]
[WhiteElo "1615"]
[BlackElo "1277"]
[PlyCount "86"]
[EventDate "2021.06.19"]
[EventType "swiss"]
[EventRounds "9"]
[EventCountry "CRO"]
[SourceTitle "EXT 2022"]
[Source "ChessBase"]
[SourceDate "2021.10.06"]
[SourceVersion "1"]
[SourceVersionDate "2021.10.06"]
[SourceQuality "1"]

1. e4 e5 2. Nf3 Nc6 3. Bc4 Bc5 4. Nc3 Nf6 5. d3 h6 6. 0-0 d6 7. h3 Be6 8. Nd5 0-0 9. Qe2 Bxd5 10. Bxd5 Nxd5 11. exd5 Nd4 12. Nxd4 Bxd4 13. c3 Bb6 14. Qg4 Qf6 15. Qg3 Qg6 16. Qxg6 fxg6 17. Be3 Rae8 18. Bxb6 axb6 19. Rfe1 g5 20. Rad1 Kh7 21. f3 Kg6 22. Kf2 h5 23. g3 g4 24. hxg4 hxg4 25. Re3 Kg5 26. Kg2 gxf3+ 27. Rxf3 Rxf3 28. Kxf3 Rf8+ 29. Kg2 Kg4 30. Re1 c6 31. dxc6 bxc6 32. c4 g6 33. b4 Ra8 34. Ra1 Ra3 35. Kf2 b5 36. cxb5 cxb5 37. Ke3 d5 38. Ke2 Kxg3 39. Rg1+ Kf4 40. Rxg6 Rxa2+ 41. Ke1 Ke3 42. Rg3+ Kd4 43. Rh3 Rb2 0-1